00225nam a22000977a 4500008004100000100001700041245003000058250000800088260002300096300000800119240118b |||||||| |||| 00| 0 eng d aBare Act EBC aEnemy Prosperity Act 1968 a8th aLucknowbEBCc2023 a278